000 00300nam a22001337a 4500
008 171101b xxu||||| |||| 00| 0 eng d
020 _a9780226743950
041 _aeng
080 _a339
100 _a59
101 _aTRE
245 _aTHE MARKET STRUCTURE OF SPORTS
_cSCULLY,G.W
942 _2udc
_cBK
999 _c37076
_d37076